[Event "Corr"]
[Site "?"]
[Date "1996.??.??"]
[Round "?"]
[White "Bilsel Sabahaddin"]
[Black "Purser Tom V"]
[Result "0-1"]
[WhiteElo "2135"]
[BlackElo "2145"]
[PlyCount "60"]
[EventDate "1996.??.??"]
[Source "www.chesslib.no"]
[SourceDate "2004.05.04"]

1. d4 e5 2. dxe5 Nc6 3. Nf3 Qe7 4. Qd5 f6 5. exf6 Nxf6 6. Qb3 d5 7. Nc3 Bd7 8. Qxb7 Rb8 9. Qxc7 Qc5 10. e3 Bd6 11. Na4 Qb4+ 12. c3 Bxc7 13. cxb4 Nxb4 14. Nd4 Bxa4 15. Bd2 Be5 16. Bxb4 Rxb4 17. b3 Bxd4 18. exd4 Bd7 19. Rd1 Kf7 20. f3 a5 21. Bd3 a4 22. Bc2 axb3 23. axb3 Ra8 24. O-O Ra2 25. Rf2 Ke7 26. Re2+ Kd6 27. Rdd2 Bb5 28. Re3 Ng8 29. Kf2 Ne7 30. Ke1 g6 0-1

[Event "Politiken Cup"]
[Site "?"]
[Date "2005.07.24"]
[Round "10"]
[White "Hvenekilde Jorgen"]
[Black "Marder Simon"]
[Result "1-0"]
[WhiteElo "2227"]
[BlackElo "2043"]
[PlyCount "151"]
[EventDate "2005.??.??"]
[Source "www.chesslib.no"]
[SourceDate "2004.05.04"]

1. d4 e5 2. dxe5 Nc6 3. Nf3 Qe7 4. Nc3 Nxe5 5. Nd5 Nxf3+ 6. gxf3 Qd8 7. Bf4 d6 8. e4 Be6 9. c4 c6 10. Nc3 Qa5 11. a3 Nf6 12. Be2 Rd8 13. Rg1 Rd7 14. Qd2 a6 15. b4 Qd8 16. Rd1 d5 17. cxd5 cxd5 18. e5 Nh5 19. Bg5 Qc7 20. f4 h6 21. Bh4 Nxf4 22. Bg3 Nxe2 23. Nxe2 Qb6 24. f4 h5 25. Bf2 Qd8 26. Nd4 Bg4 27. Rc1 g6 28. Rg3 Rc7 29. Rxc7 Qxc7 30. h3 Bd7 31. Rc3 Qd8 32. Qa2 Ba4 33. e6 Bg7 34. e7 Kxe7 35. Bh4+ Bf6 36. Re3+ Kf8 37. Bxf6 Qxf6 38. Qxd5 Kg7 39. Qe5 Re8 40. Qxf6+ Kxf6 41. Rxe8 Bxe8 42. h4 Ke7 43. Nc2 Kd6 44. Ne3 Kc6 45. Kd2 Bd7 46. Kc3 Be6 47. Kd4 Kb5 48. Kc3 Ka4 49. Kb2 f6 50. Nd1 Kb5 51. Kc3 Bg4 52. Ne3 Be6 53. Nd1 g5 54. fxg5 fxg5 55. hxg5 h4 56. g6 h3 57. g7 h2 58. Nf2 Ka4 59. Kb2 Bb3 60. Ne4 Kb5 61. Kxb3 h1=Q 62. Nc3+ Kb6 63. g8=Q Qh3 64. a4 Ka7 65. Qg1+ Ka8 66. Qd4 Qh1 67. b5 axb5 68. axb5 b6 69. Qe4+ Qxe4 70. Nxe4 Kb7 71. Kc4 Kc7 72. Kd5 Kd7 73. Nd2 Kc7 74. Nc4 Kb7 75. Kd6 Ka7 76. Kc6 1-0

[Event "HUN-chT2 0102"]
[Site "?"]
[Date "2002.03.03"]
[Round "8"]
[White "Nagy Attila"]
[Black "Molnar Laszlo2"]
[Result "1/2-1/2"]
[WhiteElo "2151"]
[BlackElo "2117"]
[PlyCount "116"]
[EventDate "2002.??.??"]
[Source "www.chesslib.no"]
[SourceDate "2004.05.04"]

1. d4 e5 2. dxe5 Nc6 3. Nf3 Qe7 4. g3 Nxe5 5. Bg2 Nf6 6. Nc3 d6 7. Bg5 c6 8. O-O h6 9. Bxf6 gxf6 10. Nxe5 fxe5 11. f4 Bg7 12. Qd2 O-O 13. Rad1 Rd8 14. e4 b6 15. f5 Ba6 16. Rf3 Qf6 17. g4 Rd7 18. Qf2 Bf8 19. Kh1 Be7 20. Rh3 Qg7 21. Bf3 Rad8 22. Rh5 Bb7 23. Re1 d5 24. h4 d4 25. Ne2 d3 26. cxd3 Rxd3 27. Ng3 Bc5 28. Qg2 Rd2 29. Be2 Ba6 30. Qf3 Bxe2 31. Rxe2 R8d3 32. Qg2 Rxg3 33. Qxg3 Rxe2 34. g5 Re3 35. Qg4 Re1+ 36. Kh2 Bg1+ 37. Kg2 Be3 38. Kh2 Bg1+ 39. Kg2 Be3 40. Kh2 Bf4+ 41. Kg2 Be3 42. Kh2 Bf4+ 43. Kg2 hxg5 44. hxg5 Rxe4 45. f6 Qf8 46. Qh4 Re2+ 47. Kf1 Re1+ 48. Qxe1 Qc5 49. Qe2 Qc1+ 50. Kg2 Bxg5 51. Qxe5 Qd2+ 52. Kg3 Qe3+ 53. Qxe3 Bxe3 54. Rh4 Bc1 55. b3 Bb2 56. Rh6 Bc1 57. Rh4 Bb2 58. Rh6 Bc1 1/2-1/2

[Event "Miskolc Avas op-B"]
[Site "?"]
[Date "1999.06.30"]
[Round "4"]
[White "Nagy Zoltan"]
[Black "Zabiak Norbert"]
[Result "0-1"]
[WhiteElo "2236"]
[BlackElo "2023"]
[PlyCount "86"]
[EventDate "1999.??.??"]
[Source "www.chesslib.no"]
[SourceDate "2004.05.04"]

1. d4 e5 2. dxe5 Nc6 3. Nf3 Qe7 4. e6 dxe6 5. c3 Nf6 6. Bg5 h6 7. Bh4 e5 8. e3 Bf5 9. Qb3 O-O-O 10. Be2 g5 11. Bg3 Nd7 12. O-O Be6 13. Qc2 f5 14. h3 f4 15. exf4 exf4 16. Bh2 h5 17. Nd4 Nxd4 18. cxd4 Nb6 19. Rd1 Qf7 20. Nc3 g4 21. Qe4 Bh6 22. Bf1 gxh3 23. gxh3 Rhg8+ 24. Kh1 Nd5 25. Bg2 c6 26. Qe2 Rde8 27. Ne4 Bf8 28. Rac1 Bf5 29. Re1 Bb4 30. Qf3 Qg6 31. Re2 Re6 32. a3 Rge8 33. axb4 Rxe4 34. Rce1 Nf6 35. Bxf4 Rxe2 36. Rxe2 Be4 37. Qg3 Bxg2+ 38. Kg1 Qxg3 39. Rxe8+ Nxe8 40. Bxg3 Bxh3 41. f4 Nf6 42. Kf2 Kd7 43. Ke2 Bf5 0-1

[Event "CZE-chT2"]
[Site "?"]
[Date "1999.??.??"]
[Round "?"]
[White "Rozmbersky David"]
[Black "Hrbolka Ladislav"]
[Result "1-0"]
[WhiteElo "2125"]
[BlackElo "2132"]
[PlyCount "58"]
[EventDate "1999.??.??"]
[Source "www.chesslib.no"]
[SourceDate "2004.05.04"]

1. d4 e5 2. dxe5 Nc6 3. e4 Nxe5 4. f4 Nc6 5. Be3 g6 6. Nc3 Bg7 7. Qd2 Nf6 8. e5 Ng4 9. Bc5 d6 10. exd6 O-O 11. d7 Bxd7 12. Bxf8 Qxf8 13. Qxd7 Ne3 14. Bd3 Nxg2+ 15. Kd1 Rd8 16. Qxc7 Qe8 17. Nge2 Rd7 18. Qxd7 Qxd7 19. Kd2 Qd6 20. Raf1 Nb4 21. Rf3 Nd5 22. Rhf1 Bh6 23. Nxd5 Qxd5 24. c4 Qa5+ 25. Kc2 Ne1+ 26. Rxe1 Qxe1 27. a3 a5 28. Nc3 Qg1 29. Ne4 f5 1-0

[Event "Malaga-ch Preferente"]
[Site "Malaga"]
[Date "2002.01.12"]
[Round "1.1"]
[White "Jaime Montalvan, Luis Felipe"]
[Black "Ramos Moreno, Francisco Jose"]
[Result "1-0"]
[WhiteElo "2248"]
[BlackElo "2008"]
[PlyCount "121"]
[EventDate "2002.01.12"]
[Source "ChessBase"]
[SourceDate "2002.03.14"]

1. d4 e5 2. dxe5 Nc6 3. Nf3 f6 4. exf6 Nxf6 5. Bg5 d5 6. e3 Bg4 7. Be2 Be7 8. Nc3 Ne4 9. Bxe7 Qxe7 10. Qxd5 Nf6 11. Qb3 O-O-O 12. O-O Rhf8 13. Rad1 Rxd1 14. Rxd1 Nd7 15. Qa4 h5 16. Nd5 Qf7 17. Qf4 Nf6 18. Nxf6 gxf6 19. h3 Be6 20. Nd4 Nxd4 21. Qxd4 c6 22. Qd6 Bd5 23. c4 Rd8 24. Qf4 Be6 25. Rxd8+ Kxd8 26. Qb8+ Bc8 27. Qxa7 Kc7 28. Qd4 Kb8 29. a4 Qg6 30. Bd3 f5 31. a5 Qf7 32. b4 Qf8 33. b5 Qb4 34. b6 Qxa5 35. Qd6+ Ka8 36. Qd8 Qa1+ 37. Bf1 Qe5 38. Qxc8+ Qb8 39. Qxb8+ Kxb8 40. c5 Kc8 41. Bd3 Kd8 42. Bxf5 h4 43. f4 Ke7 44. Bc8 Kd8 45. Bxb7 Kd7 46. f5 Ke7 47. Bxc6 Kd8 48. Kf2 Kc8 49. Bd7+ Kxd7 50. f6 Kc6 51. f7 Kd7 52. f8=N+ Kc6 53. Kf3 Kb7 54. e4 Kc8 55. c6 Kb8 56. Ne6 Kc8 57. g4 Kb8 58. g5 Kc8 59. g6 Kb8 60. g7 Kc8 61. g8=Q# 1-0

[Event "HUN-chT2 9900"]
[Site "?"]
[Date "2000.03.26"]
[Round "10"]
[White "Gyarmati Peter"]
[Black "Sandor Attila"]
[Result "1/2-1/2"]
[WhiteElo "2150"]
[BlackElo "2105"]
[PlyCount "72"]
[EventDate "2000.??.??"]
[Source "www.chesslib.no"]
[SourceDate "2004.05.04"]

1. d4 e5 2. dxe5 Nc6 3. Nf3 Qe7 4. Nc3 Nxe5 5. Nxe5 Qxe5 6. Qd5 Bd6 7. Qxe5+ Bxe5 8. Bd2 c6 9. f4 Bc7 10. e4 Ne7 11. Bd3 d6 12. O-O-O Bd7 13. Be3 b5 14. Rhf1 f5 15. exf5 Nxf5 16. Bg1 O-O 17. Rde1 d5 18. Bc5 Rf7 19. g3 Bb6 20. Bxb6 axb6 21. Bxf5 Bxf5 22. a3 d4 23. Ne4 Rd7 24. Nf2 h5 25. h3 d3 26. cxd3 Bxd3 27. Nxd3 Rxd3 28. Rg1 b4 29. Kc2 Rf3 30. axb4 Ra4 31. Ref1 Rxf1 32. Rxf1 Rxb4 33. Kc3 c5 34. h4 Kf7 35. Re1 Kf6 36. Re5 g6 1/2-1/2

[Event "Eger Agria op"]
[Site "?"]
[Date "1998.??.??"]
[Round "2"]
[White "Gyenes Istvan"]
[Black "Eberth Zoltan"]
[Result "0-1"]
[WhiteElo "2020"]
[BlackElo "2235"]
[PlyCount "88"]
[EventDate "1998.??.??"]
[Source "www.chesslib.no"]
[SourceDate "2004.05.04"]

1. d4 e5 2. dxe5 Nc6 3. Nf3 Qe7 4. g3 Nxe5 5. Nxe5 Qxe5 6. Bg2 Nf6 7. Nc3 Bb4 8. Bd2 d5 9. O-O c6 10. a3 Be7 11. Bf4 Qh5 12. e4 Bg4 13. Qd2 dxe4 14. Nxe4 O-O 15. Nxf6+ Bxf6 16. Qb4 b6 17. c3 Bf3 18. Rfe1 Rfe8 19. Re3 Bxg2 20. Kxg2 Qd5+ 21. Kg1 g5 22. Rxe8+ Rxe8 23. Be3 Re4 24. c4 Rxc4 25. Qe1 Bxb2 26. Rd1 Bd4 27. Qe2 Qe6 28. Qf3 Bxe3 29. fxe3 Re4 30. Qh5 Qg4 31. Rd8+ Kg7 32. Qxg4 Rxg4 33. Kf2 Ra4 34. Rd3 g4 35. Rc3 c5 36. Ke2 Kf6 37. Kd3 Ke5 38. Kc2 c4 39. Kd2 b5 40. Ke2 a5 41. Kf2 Kd5 42. Kg2 b4 43. axb4 Ra2+ 44. Kg1 axb4 0-1

[Event "Itau Cup (8eme)"]
[Site "?"]
[Date "2004.09.27"]
[Round "4"]
[White "Batista Re2"]
[Black "Tasoko Toshinobu"]
[Result "1-0"]
[WhiteElo "2261"]
[BlackElo "1987"]
[PlyCount "101"]
[EventDate "2004.??.??"]
[Source "www.chesslib.no"]
[SourceDate "2004.05.04"]

1. d4 e5 2. dxe5 Nc6 3. Nf3 Qe7 4. g3 Nxe5 5. Nxe5 Qxe5 6. Bg2 Nf6 7. Nd2 Bc5 8. Nf3 Qe7 9. O-O O-O 10. c4 d6 11. b3 Re8 12. Re1 Bg4 13. Nd4 c6 14. Be3 Rad8 15. h3 Bc8 16. Qc2 Ne4 17. g4 g6 18. Qxe4 Qxe4 19. Bxe4 Rxe4 20. Nc2 Rde8 21. Bxc5 dxc5 22. Kf1 f5 23. f3 R4e7 24. Kf2 Rf8 25. Kg2 f4 26. e3 Ref7 27. Rad1 Rf6 28. e4 g5 29. Rd2 h5 30. Red1 h4 31. Na3 Re6 32. Nb1 b5 33. Na3 Ba6 34. Rc1 b4 35. Nc2 Bc8 36. Rcd1 a5 37. Ne1 Ba6 38. Nd3 Bc8 39. Nxc5 Rg6 40. Rd8 Be6 41. R8d6 Bf7 42. Rxg6+ Bxg6 43. Ne6 Ra8 44. Rd8+ Rxd8 45. Nxd8 Be8 46. Nb7 a4 47. bxa4 Bf7 48. Nd6 Be6 49. a5 c5 50. a6 Bd7 51. Nb7 1-0

[Event "HUN-chT2 0102"]
[Site "?"]
[Date "2001.09.30"]
[Round "1"]
[White "Toth Daniel"]
[Black "Molnar Laszlo2"]
[Result "1-0"]
[WhiteElo "2123"]
[BlackElo "2117"]
[PlyCount "59"]
[EventDate "2001.??.??"]
[Source "www.chesslib.no"]
[SourceDate "2004.05.04"]

1. d4 e5 2. dxe5 Nc6 3. Nf3 Qe7 4. Nc3 Nxe5 5. e3 Nxf3+ 6. Qxf3 Nf6 7. Bd3 c6 8. O-O d5 9. h3 Be6 10. a3 Nd7 11. Qf4 Qd6 12. e4 Qxf4 13. Bxf4 d4 14. Ne2 c5 15. b3 a6 16. a4 b6 17. Bh2 f6 18. Nf4 Bf7 19. Nd5 Bxd5 20. exd5 g6 21. Rfe1+ Kf7 22. Re6 Bh6 23. Rae1 Rhe8 24. Bxa6 Ne5 25. Bxe5 fxe5 26. Rxb6 Bf8 27. Bb5 Red8 28. Rxe5 Bg7 29. Rb7+ Kf8 30. Ree7 1-0

[Event "Germany"]
[Site "?"]
[Date "1998.??.??"]
[Round "?"]
[White "Hermannsdoerfer Frank"]
[Black "Wanzek Daniel"]
[Result "0-1"]
[WhiteElo "2145"]
[BlackElo "2095"]
[PlyCount "59"]
[EventDate "1998.??.??"]
[Source "www.chesslib.no"]
[SourceDate "2004.05.04"]

1. d4 e5 2. g3 exd4 3. Qxd4 Nc6 4. Qa4 g6 5. Bg2 Bg7 6. c3 Nf6 7. Nh3 O-O 8. O-O d6 9. Qh4 Re8 10. Qc4 d5 11. Qb3 Rxe2 12. Be3 Ng4 13. Nf4 Nxe3 14. fxe3 Rxe3 15. Bxd5 Re7 16. Na3 Ne5 17. Rad1 Qe8 18. Nd3 Nxd3 19. Rxd3 Bf5 20. Rdf3 c6 21. Bc4 b5 22. Bd3 Be6 23. Qc2 Bd5 24. c4 Bxf3 25. Rxf3 b4 26. Nb1 Re1+ 27. Kf2 Bd4+ 28. Kg2 Rg1+ 29. Kh3 Qe6+ 30. g4 0-1

[Event "Landesliga N Bayern 9596"]
[Site "GER"]
[Date "1995.??.??"]
[Round "?"]
[White "Krupkova-Mazakova, Petra"]
[Black "Roesch, Otto"]
[Result "1-0"]
[WhiteElo "2140"]
[BlackElo "2085"]
[PlyCount "131"]
[EventDate "1995.10.??"]
[Source "www.chesslib.no"]
[SourceDate "2004.05.04"]

1. d4 e5 2. dxe5 Nc6 3. Nf3 Qe7 4. Qd5 h6 5. Nc3 g5 6. Qe4 Qb4 7. Qd3 g4 8. a3 Qa5 9. Nd4 Nxe5 10. Qe4 c6 11. f4 gxf3 12. exf3 Ne7 13. Bd2 Qc7 14. f4 Ng4 15. Qf3 d5 16. h3 Nf6 17. g4 Bd7 18. O-O-O O-O-O 19. g5 Ne8 20. Nb3 Nd6 21. Be3 Nef5 22. Bxa7 b5 23. Bc5 Nc4 24. Bd3 Bd6 25. Bxd6 Qxd6 26. a4 Nfe3 27. Rde1 d4 28. Ne4 Qd5 29. axb5 cxb5 30. Bxc4 bxc4 31. Nxd4 Qxd4 32. Qxe3 Bc6 33. c3 Qxe3+ 34. Rxe3 hxg5 35. fxg5 Rh4 36. Rhe1 Kc7 37. Nd2 Rd7 38. Kc2 Ba4+ 39. Kc1 Bc6 40. R1e2 Ba4 41. Re4 Rxh3 42. Rxc4+ Bc6 43. Rf2 Kb7 44. Rcf4 Rhd3 45. Nb3 R3d5 46. Nd4 Rxg5 47. Nxc6 Kxc6 48. Rxf7 Rdd5 49. Kc2 Rde5 50. b4 Rg1 51. c4 Re6 52. R7f6 Rxf6 53. Rxf6+ Kc7 54. Kb3 Kb7 55. Ka4 Rh1 56. Ka5 Rh7 57. b5 Rc7 58. Kb4 Rh7 59. c5 Rc7 60. b6 Rh7 61. Kb5 Rh8 62. c6+ Ka8 63. Ka6 Kb8 64. Rf7 Rc8 65. c7+ Ka8 66. b7# 1-0

[Event "Cseppko op-A 11th"]
[Site "?"]
[Date "2000.03.12"]
[Round "7.14"]
[White "Braun Marton"]
[Black "Demjen Attila"]
[Result "1-0"]
[WhiteElo "2124"]
[BlackElo "2100"]
[PlyCount "43"]
[EventDate "2000.??.??"]
[Source "www.chesslib.no"]
[SourceDate "2004.05.04"]

1. d4 e5 2. dxe5 Nc6 3. Nf3 Qe7 4. Bf4 Qb4+ 5. Bd2 Qxb2 6. Nc3 Bb4 7. Rb1 Qa3 8. Nd5 Bxd2+ 9. Qxd2 Qxa2 10. Rd1 Kd8 11. Ng5 Nh6 12. e6 Qa5 13. e7+ Ke8 14. Qxa5 Nxa5 15. Nxc7+ Kxe7 16. Nxa8 f6 17. Ne4 Kd8 18. Nd6 Nc6 19. g3 Rf8 20. Bh3 Nf7 21. O-O b6 22. Nxc8 1-0

[Event "Zemplen Cup op 9th"]
[Site "?"]
[Date "1999.??.??"]
[Round "?"]
[White "Kormos Lajos"]
[Black "Demjen Attila"]
[Result "1/2-1/2"]
[WhiteElo "2145"]
[BlackElo "2076"]
[PlyCount "82"]
[EventDate "1999.??.??"]
[Source "www.chesslib.no"]
[SourceDate "2004.05.04"]

1. d4 e5 2. dxe5 Nc6 3. Nf3 Qe7 4. Qd5 b6 5. a3 Bb7 6. Bf4 O-O-O 7. Nbd2 f6 8. exf6 Nxf6 9. Qd3 d5 10. O-O-O h6 11. Qg6 Qe6 12. e3 Kb8 13. h3 Ne7 14. Nd4 Qg8 15. Qg3 Rc8 16. Nb5 Ne8 17. Be5 Nf5 18. Qg6 Ned6 19. Bd3 Ne7 20. Qg3 Nxb5 21. Bxb5 Qe6 22. Nf3 Nf5 23. Qf4 Bd6 24. g4 Rhf8 25. gxf5 Rxf5 26. Nd4 Rxf4 27. Nxe6 Rxf2 28. Bxd6 cxd6 29. Nd4 a6 30. Ba4 b5 31. Bb3 Re8 32. Rd2 Rf6 33. Re1 Re5 34. Rg2 g6 35. Kd2 Rh5 36. Rg3 Bc8 37. Rh1 Kc7 38. Ke2 Re5 39. h4 h5 40. c3 Bg4+ 41. Kd3 Rf2 1/2-1/2

[Event "CIF"]
[Site "?"]
[Date "2002.09.05"]
[Round "?"]
[White "Cane Luisito"]
[Black "Valverde Mario"]
[Result "0-1"]
[WhiteElo "2137"]
[BlackElo "2078"]
[PlyCount "74"]
[EventDate "2002.??.??"]
[Source "www.chesslib.no"]
[SourceDate "2004.05.04"]

1. d4 e5 2. dxe5 Nc6 3. Nf3 Qe7 4. Nbd2 Nxe5 5. Nxe5 Qxe5 6. Nf3 Qa5+ 7. Bd2 Qb6 8. Bc3 Bb4 9. Qd2 Bxc3 10. Qxc3 Nf6 11. e3 d6 12. Nd4 O-O 13. Bd3 c5 14. Nf5 Re8 15. O-O Be6 16. b3 Rad8 17. g4 Bxf5 18. Bxf5 d5 19. Rad1 g6 20. Bd3 Nxg4 21. h3 Ne5 22. Be2 d4 23. exd4 cxd4 24. Qg3 Rc8 25. Rd2 Rc3 26. Bd3 Qc6 27. f4 Nxd3 28. cxd3 Re3 29. Qg5 Rcxd3 30. Rxd3 Rxd3 31. Re1 h6 32. Qg2 Qc3 33. Qe4 Rxh3 34. Qe8+ Kg7 35. Qe5+ Kh7 36. Re2 Qf3 37. Rg2 Qd1+ 0-1